Unity of subject matter in the teaching of intermediate microeconomic theory (Record no. 78702)

MARC details
000 -CABECERA
campo de control de longitud fija 00627nam a2200217 a 4500
005 - FECHA Y HORA DE LA ÚLTIMA TRANSACCIÓN
campo de control 20210219153514.0
008 - ELEMENTOS DE LONGITUD FIJA--INFORMACIÓN GENERAL
campo de control de longitud fija 991125n 000 0 eng u
035 ## - NÚMERO DE CONTROL DEL SISTEMA
Número de control de sistema UPN01000103719
100 ## - ASIENTO PRINCIPAL--NOMBRE PERSONAL
Nombre de persona Katzner, Donald W.
222 #0 - TÍTULO CLAVE
Título clave JOURNAL OF ECONOMIC EDUCATION
245 #0 - MENCIÓN DE TÍTULO
Título Unity of subject matter in the teaching of intermediate microeconomic theory
300 ## - DESCRIPCIÓN FÍSICA
Extensión 154-164
362 ## - FECHAS DE PUBLICACIÓN Y/O DESIGNACIÓN SECUENCIAL
Fecha de publicación y/o designación secuencial 1991 22, no. 2
653 0# - TERMINO DE INDIZACION - NO CONTROLADO
Término no controlado ECONOMIA
653 0# - TERMINO DE INDIZACION - NO CONTROLADO
Término no controlado ENSEÑANZA PROGRAMADA
653 0# - TERMINO DE INDIZACION - NO CONTROLADO
Término no controlado FACTORES ECONOMICOS
653 0# - TERMINO DE INDIZACION - NO CONTROLADO
Término no controlado MODELOS DE ENSEÑANZA
653 0# - TERMINO DE INDIZACION - NO CONTROLADO
Término no controlado SISTEMA DE EMPRESA LIBRE
904 ## - ELEMENTOS DE DATOS D LOCAL, LDD (RLIN)
a AC
b 041530
905 ## - TIPO DE MATERIAL
Tipo de material Articulo

No items available.